skbl

Dr Suryya Kumar Bhuyan Library Web-OPAC
ডঃ সূৰ্য্য
কুমাৰ ভূঞা পুথিভঁৰাল ৱেব-অ'পেক

All Research Scholars are advised to clear the annual library fees to continue using Library Resources, Remote Access, Plagiarism Test and Library Clearance.

Cotton University Book Fair 2026

Kahinikar Premchand: Rachana Dristi Aur Rachana Silpa / (Record no. 53476)

MARC details
000 -LEADER
fixed length control field 00640nam a2200241Ia 4500
001 - CONTROL NUMBER
control field 53513
005 - DATE AND TIME OF LATEST TRANSACTION
control field 20240114005347.0
007 - PHYSICAL DESCRIPTION FIXED FIELD--GENERAL INFORMATION
fixed length control field ta
008 - FIXED-LENGTH DATA ELEMENTS--GENERAL INFORMATION
fixed length control field 110202s2002 g b000 u 807 u
040 ## - CATALOGING SOURCE
Original cataloging agency CottonCollege,Assam
041 ## - LANGUAGE CODE
Language code of text/sound track or separate title 807
082 ## - DEWEY DECIMAL CLASSIFICATION NUMBER
Classification number 891.4309
Item number Mi 687 Ka
100 ## - MAIN ENTRY--PERSONAL NAME
Personal name Misra, Sib Kumar .
245 #0 - TITLE STATEMENT
Title Kahinikar Premchand: Rachana Dristi Aur Rachana Silpa /
Statement of responsibility, etc. Sib Kumar Misra.
Medium Textual Documents
250 ## - EDITION STATEMENT
Edition statement Ist ed /
260 ## - PUBLICATION, DISTRIBUTION, ETC.
Place of publication, distribution, etc. Allahabad :
Name of publisher, distributor, etc. Lokbharti ,
Date of publication, distribution, etc. 2002.
300 ## - PHYSICAL DESCRIPTION
Dimensions 23cm.
653 ## - INDEX TERM--UNCONTROLLED
Uncontrolled term Hindi Literature
653 ## - INDEX TERM--UNCONTROLLED
Uncontrolled term G-Hindi
942 ## - ADDED ENTRY ELEMENTS (KOHA)
Source of classification or shelving scheme Dewey Decimal Classification
Koha item type Books
Holdings
Withdrawn status Lost status Damaged status Not for loan Collection Home library Current library Date acquired Coded location qualifier Total checkouts Full call number Barcode Date last seen Copy number Price effective from Koha item type
          Dr. Suryya Kumar Bhuyan Library Dr. Suryya Kumar Bhuyan Library 01/02/2012 00000   891.4309 Mi 687 Ka 90432 14/01/2024 1 01/02/2012 Books

Designed and Maintained by Team SKBL
©1901-2026

Powered by Koha